01518nam a2200301 i 4500001001300000008004100013020001800054050002200072100002600094245009800120250002100218260005400239300002500293490009900318504005400417533012300471650003900594650003000633651002700663830010100690856007300791880002600864880008900890880002300979880005201002880008001054880008201134P20220429028220825s2020 ch ab s 000 0 chi d a9789864783601 4aBR1285bL555 20201 6880-01aLi, Jinqiang.106880-02aJin dai Zhongguo mu shi qun ti de chu xianh[electronic resource] /cLi Jinqiang zhu. 6880-03aChu ban. 6880-04aTaibei Shi :bWan juan lou tu shu,c2020. a146 p. :bill., maps1 6880-05aDa xue cong shu. Xianggang jin hui da xue jin dai shi yan jiu zhong xin zhuan kan ;v2 aIncludes bibliographical references (p. 129-146). aElectronic reproduction.bNew Taipei City :cAiriti.nSystem requirements: iRead eBook.nAvailable via World Wide Web. 0aChristianszChinaxSocieties, etc. 0aMissionszChinaxHistory. 0aChinaxChurch history. 06880-06aDa xue cong shu.pXianggang jin hui da xue jin dai shi yan jiu zhong xin zhuan kan ;v2.40uhttps://www.airitibooks.com/Detail/Detail?PublicationID=P202204290281 6100-01/1a李金強.106245-02/1a近代中國牧師群體的出現h[electronic resource] /c李金強著. 6250-03/1a初版. 6260-04/1a臺北市 :b萬卷樓圖書,c2020.1 6490-05/1a大學叢書. 香港浸會大學近代史研究中心專刊 ;v2 06830-06/1a大學叢書.p香港浸會大學近代史研究中心專刊 ;v2.